00551nam a2200133 a 450000100100000000500170001000800410002704000250006808200140009311001420010724500570024926000840030630000270039000003196520200930063322.0110707s19uu dr 000 0 spa d aDO-SdBNPbspacBNPHU axxxbR4261 aRepública DominicanabSecreetaría de Estado de Educación Bellas Artes y CultosbDirección General de Educación Física Escolar10aPrimeros auxilios :bManual de medidas de urgencias. aSanto Domingo :bDirección General de educación Física Escolar,c[19uu?]. a42 p. :bil. ;c22 cm.